00517nam a22001815a 4500001000700000003000500007005001700012008004100029010001700070020002500087040001300112050001500125082002200140100002200162245008800184260005200272300001100324243389Nust20170221104352.0990616s1997 enk 000 0 eng  a 99216808  a9781856265492 (pbk) aDLCcDLC00aIN PROCESS a305.89275357bHOL1 aHolton, Patricia.10aMother without a mask :ba westerner's story of her Arab family /cPatricia Holton. aLondon, England :bKyle Cathie Limited ,c1997. a278 p.